000 00436nam a22001697a 4500
999 _c95
_d95
005 20180807154417.0
008 180807b ||||| |||| 00| 0 eng d
020 _a0883680238
040 _cDCL
082 _a248
_bB873U
100 _aBrooks, Pat
245 _aUsing your spiritual authority
_cPat Brooks
260 _aPennsylvania
_bBanner Publishing
_cc1973
300 _a126 p.
650 _aPower
_xChristian Theology
942 _2ddc
_cBK